[Event "33. Senioren LEM Sachsen-Anhalt 65+"]
[Site "Maritim-Hotel Magdeburg"]
[Date "2025.07.09"]
[Round "3.31"]
[White "Fleischer, Martin"]
[Black "Domsgen, Bernd"]
[Result "0-1"]
[WhiteElo "1782"]
[BlackElo "1922"]
[PlyCount "74"]
[EventDate "2025.07.07"]
[WhiteTeam "SV Einheit Schwerin"]
[BlackTeam "Burger Schachclub Schwarz-Weiss"]

1. e4 c5 2. Nf3 d6 3. c3 Nf6 4. h3 Nc6 5. d3 g6 6. a3 Bg7 7. Be3 O-O 8. Qc1 Bd7
9. Nbd2 a6 10. Be2 Rc8 11. O-O b5 12. c4 Ne8 13. Re1 e5 14. Nb1 Nd4 15. Nxd4
cxd4 16. Bh6 f5 17. Bg5 Nf6 18. exf5 Bxf5 19. g4 Be6 20. b3 Qb6 21. Nd2 d5 22.
Rb1 e4 23. Qd1 e3 24. fxe3 dxe3 25. Nf3 d4 26. Bh4 Qd6 27. Nh2 Nd7 28. Rf1 Be5
29. Nf3 Bg3 30. Bg5 Bf2+ 31. Rxf2 exf2+ 32. Kxf2 Qh2+ 33. Ke1 Qd6 34. Kd2 Ne5
35. Nxe5 Qxe5 36. Bh4 Qe3+ 37. Kc2 bxc4 0-1

[Event "33. Senioren LEM Sachsen-Anhalt 65+"]
[Site "Maritim-Hotel Magdeburg"]
[Date "2025.07.09"]
[Round "3.32"]
[White "Weigelt, Joachim"]
[Black "Schwis, Joachim"]
[Result "0-1"]
[WhiteElo "1782"]
[BlackElo "1922"]
[PlyCount "98"]
[EventDate "2025.07.07"]
[WhiteTeam "VfB 07 Lettin"]
[BlackTeam "Schachklub Koeln-Suedwest"]

1. e4 d6 2. d4 g6 3. Nf3 Bg7 4. Bc4 Nf6 5. Nc3 O-O 6. O-O Nxe4 7. Bxf7+ Rxf7 8.
Nxe4 Nc6 9. c3 d5 10. Nc5 b6 11. Nd3 Bg4 12. Nde1 e5 13. dxe5 Nxe5 14. h3 Nxf3+
15. Nxf3 Bxf3 16. gxf3 Qd7 17. Kg2 Raf8 18. Rh1 Qf5 19. f4 g5 20. Qg4 gxf4 21.
Qxf5 Rxf5 22. Kf3 Be5 23. Bd2 c5 24. Rag1+ Kf7 25. Rg4 b5 26. Rhg1 a5 27. b3 b4
28. cxb4 axb4 29. Rc1 Bd4 30. Rcg1 Ke6 31. Rg5 Bc3 32. Rxf5 Rxf5 33. Bxf4 Be5
34. Rg4 c4 35. bxc4 dxc4 36. Ke4 Rxf4+ 37. Rxf4 Bxf4 38. Kd4 c3 39. Kd3 Be5 40.
Kc2 Kd5 41. f4 Bf6 42. h4 Kc4 43. h5 Kd4 44. f5 Kc4 45. h6 Be7 46. Kb1 Kd3 47.
f6 Bxf6 48. a4 b3 49. a5 c2+ 0-1

[Event "33. Senioren LEM Sachsen-Anhalt 65+"]
[Site "Maritim-Hotel Magdeburg"]
[Date "2025.07.09"]
[Round "3.33"]
[White "Peter, Volkhard"]
[Black "Baerthel, Klaus"]
[Result "1/2-1/2"]
[WhiteElo "1750"]
[BlackElo "1918"]
[PlyCount "27"]
[EventDate "2025.07.07"]
[WhiteTeam "SV Einheit Schwerin"]
[BlackTeam "Naumburger Sportverein 1951"]

1. e4 c5 2. d4 cxd4 3. c3 dxc3 4. Nxc3 Nc6 5. Bc4 d6 6. Nf3 e6 7. O-O Be7 8.
Qe2 a6 9. Rd1 Qc7 10. Bf4 Nf6 11. e5 Nh5 12. exd6 Nxf4 13. dxc7 Nxe2+ 14. Bxe2
1/2-1/2

[Event "33. Senioren LEM Sachsen-Anhalt 65+"]
[Site "Maritim-Hotel Magdeburg"]
[Date "2025.07.09"]
[Round "3.34"]
[White "Wagner, Bernd"]
[Black "Kluever, Horst"]
[Result "1/2-1/2"]
[WhiteElo "1902"]
[BlackElo "1798"]
[PlyCount "126"]
[EventDate "2025.07.07"]
[WhiteTeam "SV Aufbau Bernburg"]
[BlackTeam "Itzehoer SV von 1923"]

1. d4 d5 2. Bf4 Nf6 3. Nf3 e6 4. e3 a6 5. c3 Nc6 6. Bd3 h6 7. Nbd2 Bd6 8. Bg3
O-O 9. Qe2 Re8 10. O-O e5 11. dxe5 Nxe5 12. Nxe5 Bxe5 13. Bxe5 Rxe5 14. Nf3 Bg4
15. h3 Bxf3 16. Qxf3 c6 17. Rad1 Qe7 18. Rfe1 Re8 19. a4 Ne4 20. Bc2 Qh4 21.
Rd4 Qe7 22. Red1 Ng5 23. Qg4 Ne6 24. R4d2 Qg5 25. Qxg5 hxg5 26. b4 b5 27. Ra1
Nc7 28. Rd4 f5 29. g3 Ne6 30. axb5 Nxd4 31. cxd4 R5e7 32. bxa6 Ra7 33. Bxf5 Rb8
34. Ra4 Kf7 35. Bd3 Ke7 36. e4 dxe4 37. Bxe4 Kd6 38. Kg2 Rb6 39. Bd3 Kd5 40.
Ra5+ Kxd4 41. Be2 Rxb4 42. Rxg5 c5 43. Rg6 c4 44. h4 Ra4 45. h5 R4xa6 46. Rg4+
Kc3 47. Rxc4+ Kd2 48. Re4 Rf6 49. g4 Raf7 50. f3 Rf4 51. Re5 Rb4 52. Kg3 Rc7
53. Kh4 Rc3 54. Kg5 Re3 55. Rxe3 Kxe3 56. Bd1 Rb6 57. f4 Rd6 58. Bb3 Rd4 59. f5
Kf3 60. Kg6 Rxg4+ 61. Kh7 Rg5 62. Bf7 Rxf5 63. Kxg7 Rxh5 1/2-1/2

[Event "33. Senioren LEM Sachsen-Anhalt 65+"]
[Site "Maritim-Hotel Magdeburg"]
[Date "2025.07.09"]
[Round "3.35"]
[White "Buss, Heiko"]
[Black "Schmechtig, Hans-Christian"]
[Result "1-0"]
[WhiteElo "1886"]
[BlackElo "1794"]
[PlyCount "73"]
[EventDate "2025.07.07"]
[WhiteTeam "Freibauer Wedemark"]
[BlackTeam "SV Kali Wolmirstedt"]

1. e4 c5 2. Nf3 d6 3. d4 cxd4 4. Nxd4 Nf6 5. Nc3 g6 6. h3 Bg7 7. Be3 O-O 8. Qd2
h5 9. O-O-O Nc6 10. Bh6 Nxd4 11. Bxg7 Kxg7 12. Qxd4 Be6 13. Be2 Qa5 14. Kb1
Rac8 15. a3 Qc5 16. f3 Rc6 17. Qxc5 Rxc5 18. Rd2 a6 19. g4 b5 20. Rg1 Bc4 21.
Bxc4 Rxc4 22. g5 Nd7 23. Nd5 Ne5 24. Rf2 Re8 25. Rd1 a5 26. b3 Rc6 27. f4 Nd7
28. f5 Nb6 29. f6+ exf6 30. Nxf6 Re7 31. Rdf1 Rc3 32. Rf3 Rxf3 33. Rxf3 Re5 34.
h4 a4 35. Rd3 Re6 36. Rc3 axb3 37. cxb3 1-0

[Event "33. Senioren LEM Sachsen-Anhalt 65+"]
[Site "Maritim-Hotel Magdeburg"]
[Date "2025.07.09"]
[Round "3.36"]
[White "Matthews, Gabriel"]
[Black "Reimers, Christine"]
[Result "1/2-1/2"]
[WhiteElo "1877"]
[BlackElo "1752"]
[PlyCount "68"]
[EventDate "2025.07.07"]
[BlackTeam "Itzehoer SV von 1923"]

1. d4 Nf6 2. Nf3 d6 3. e3 g6 4. Be2 Bg7 5. O-O O-O 6. c4 Nbd7 7. Nc3 c6 8. b4
Qc7 9. a4 b6 10. Qb3 a5 11. Ba3 Re8 12. Rfd1 axb4 13. Bxb4 Ba6 14. Rac1 d5 15.
cxd5 Bxe2 16. Nxe2 c5 17. Rd2 Qa7 18. dxc5 bxc5 19. Ba3 Qxa4 20. Qxa4 Rxa4 21.
Bxc5 Nxc5 22. Rxc5 Ne4 23. Rc1 Nxd2 24. Nxd2 Ra2 25. Rd1 Rb8 26. Nc1 Ra1 27.
Rf1 Bb2 28. Ncb3 Rxf1+ 29. Kxf1 Bc3 30. Ke2 Bxd2 31. Nxd2 Rb2 32. g4 h6 33. h4
f6 34. f4 Kf7 1/2-1/2

[Event "33. Senioren LEM Sachsen-Anhalt 65+"]
[Site "Maritim-Hotel Magdeburg"]
[Date "2025.07.09"]
[Round "3.37"]
[White "Grube, Kurt"]
[Black "Winkler, Karl"]
[Result "0-1"]
[WhiteElo "1706"]
[BlackElo "1877"]
[PlyCount "168"]
[EventDate "2025.07.07"]
[WhiteTeam "SG Osnabrueck"]
[BlackTeam "SG Eintracht Neubrandenburg"]

1. Nf3 Nf6 2. c4 e6 3. g3 c5 4. Bg2 Be7 5. Nc3 d5 6. cxd5 Nxd5 7. O-O O-O 8. d3
Nc6 9. Bd2 Rb8 10. Rc1 b6 11. Nxd5 exd5 12. Bf4 Bd6 13. Qd2 Qc7 14. Bxd6 Qxd6
15. a3 Re8 16. Rfe1 Bg4 17. Qd1 Qf6 18. b3 Re7 19. h3 Bd7 20. Qd2 Rbe8 21. g4
Qd6 22. Rcd1 d4 23. Ng5 f5 24. gxf5 Bxf5 25. Be4 Bxe4 26. Nxe4 Qe6 27. Qg5 Rf8
28. Kh2 Qxb3 29. Rb1 Qe6 30. a4 Qe5+ 31. Qg3 Qxg3+ 32. Kxg3 Rf5 33. Rg1 Re6 34.
Kg4 Rf8 35. Kg3 Rg6+ 36. Kh2 Rxg1 37. Kxg1 h6 38. Kg2 Rd8 39. Kf3 Kf7 40. Kf4
Ke6 41. h4 Rf8+ 42. Kg3 Kd5 43. f3 Rb8 44. Kf4 Rf8+ 45. Kg3 Ke5 46. Rb5 Kd5 47.
Kf2 Rb8 48. Nd2 Na5 49. Rb1 a6 50. Rg1 Rb7 51. Rg6 Nc6 52. Ne4 Rd7 53. Nd2 b5
54. axb5 axb5 55. Nc4 bxc4 56. dxc4+ Kxc4 57. Rxc6 Kb5 58. Rc8 c4 59. Ke1 c3
60. Kd1 g5 61. hxg5 hxg5 62. Rg8 Rd5 63. Kc2 Kc4 64. Rc8+ Rc5 65. Rg8 Re5 66.
Rc8+ Kb5 67. Rb8+ Kc6 68. Kd1 Rb5 69. Rd8 Rb1+ 70. Kc2 Rb2+ 71. Kd1 Rd2+ 72.
Ke1 Kc5 73. Rg8 Kc4 74. Rxg5 Kb3 75. Ra5 Kb2 76. Rb5+ Kc1 77. Rc5 Rd1+ 78. Kf2
c2 79. f4 Kb2 80. Rb5+ Ka3 81. Rc5 c1=Q 82. Rxc1 Rxc1 83. Kf3 Kb4 84. f5 Kc5
0-1

[Event "33. Senioren LEM Sachsen-Anhalt 65+"]
[Site "Maritim-Hotel Magdeburg"]
[Date "2025.07.09"]
[Round "3.38"]
[White "Suliga, Eckhard"]
[Black "Zerfass, Otfried"]
[Result "0-1"]
[WhiteElo "1585"]
[BlackElo "1875"]
[PlyCount "104"]
[EventDate "2025.07.07"]
[WhiteTeam "SC Turm Lueneburg"]
[BlackTeam "UNION 1861 Schoenebeck"]

1. e4 d6 2. d4 Nf6 3. Nc3 Nbd7 4. Nf3 e5 5. Bc4 Be7 6. O-O c6 7. a4 a5 8. h3
Qc7 9. Be3 O-O 10. Re1 Nb6 11. Bb3 Nbd7 12. Qe2 h6 13. Rad1 b6 14. Rd2 Ba6 15.
Bc4 Bxc4 16. Qxc4 Rfc8 17. Qb3 Bf8 18. Red1 Re8 19. d5 Nc5 20. Bxc5 bxc5 21.
dxc6 Reb8 22. Qa3 Qxc6 23. Re2 Rb4 24. Nd2 Rab8 25. b3 Re8 26. Nc4 Qa8 27. f3
Rd8 28. Red2 Ne8 29. Nb5 Rxc4 30. bxc4 Be7 31. Rd5 Nf6 32. R5d3 Ne8 33. Qc3 Qa6
34. Qb3 Qa8 35. Qb2 Qa6 36. Rb3 Qa8 37. Qc3 Qa6 38. Qd3 Qa8 39. Rdb1 Qa6 40.
Nc3 Qa8 41. Qd5 Qc8 42. Qb7 Qe6 43. Qd5 Qg6 44. Rb7 Bg5 45. Rb8 Be3+ 46. Kh1
Qf6 47. Rxd8 Qxd8 48. Rb7 Nc7 49. Qc6 Qh4 50. Nd5 Qe1+ 51. Kh2 Bg1+ 52. Kh1
Bf2+ 0-1

[Event "33. Senioren LEM Sachsen-Anhalt 65+"]
[Site "Maritim-Hotel Magdeburg"]
[Date "2025.07.09"]
[Round "3.39"]
[White "Schwarz, Hans"]
[Black "Ogrisek, Gerd"]
[Result "1-0"]
[WhiteElo "1858"]
[BlackElo "1714"]
[PlyCount "45"]
[EventDate "2025.07.07"]
[WhiteTeam "SV Rochade Magdeburg"]
[BlackTeam "SV Rochade Magdeburg"]

1. e4 c5 2. Nc3 d6 3. f4 Nc6 4. Nf3 Nd4 5. Nxd4 cxd4 6. Ne2 e5 7. d3 Nf6 8. Ng3
Be7 9. Be2 O-O 10. O-O Qb6 11. b3 Bd7 12. a4 Rfe8 13. Ba3 Rac8 14. Rc1 Be6 15.
Nh5 Nxh5 16. Bxh5 g6 17. f5 Bxf5 18. exf5 gxh5 19. f6 Bf8 20. Qxh5 Re6 21. Rf3
Qc7 22. Rg3+ Kh8 23. Qg5 1-0

[Event "33. Senioren LEM Sachsen-Anhalt 65+"]
[Site "Maritim-Hotel Magdeburg"]
[Date "2025.07.09"]
[Round "3.40"]
[White "Christen, Pierre"]
[Black "Wulff, Ruediger"]
[Result "0-1"]
[WhiteElo "2008"]
[BlackElo "1654"]
[PlyCount "140"]
[EventDate "2025.07.07"]
[WhiteTeam "Schulschach IGS Trier"]
[BlackTeam "Flechtinger Sportverein"]

1. c4 b6 2. Nc3 Bb7 3. e4 e6 4. Be2 Nc6 5. Nf3 g6 6. d4 Bg7 7. Bg5 Bf6 8. Bf4
d6 9. Qa4 Qd7 10. e5 Bg7 11. Rd1 Nce7 12. Nb5 Bc6 13. Qc2 Bxb5 14. cxb5 Nd5 15.
Bg3 Nge7 16. O-O O-O 17. a3 Nf5 18. Rc1 Nxg3 19. hxg3 Bh6 20. Nd2 Rac8 21. Rfd1
f6 22. Qb3 fxe5 23. Bg4 Qf7 24. f3 Rfe8 25. dxe5 dxe5 26. Rc6 Ne3 27. Ne4 Nxd1
28. Qxd1 Kg7 29. Qc2 Re7 30. Nd6 cxd6 31. Rxc8 Be3+ 32. Kh1 d5 33. Rc6 Qf6 34.
b4 h5 35. Bh3 e4 36. Qd1 g5 37. a4 exf3 38. gxf3 Re8 39. Rc7+ Re7 40. Rc8 Rf7
41. Bg2 Qd4 42. Qb1 Bf2 43. Qc1 Qe5 44. Qc3 Bxg3 45. Qxe5+ Bxe5 46. Re8 Kf6 47.
Bh3 Re7 48. Rc8 Bd6 49. a5 Bxb4 50. axb6 axb6 51. Rc6 Bc5 52. Kg2 Ke5 53. Kf1
d4 54. Ke2 Kd5 55. Kd3 e5 56. Bf5 e4+ 57. Bxe4+ Ke5 58. Rh6 h4 59. Rg6 Kf4 60.
Rf6+ Kg3 61. Rg6 Re5 62. Ke2 h3 63. Kf1 h2 64. Rh6 Bf8 65. Rh5 Be7 66. Ke2 Rxb5
67. Kd3 Rb1 68. f4 gxf4 69. Kxd4 Bh4 70. Rh6 Rb4+ 0-1

[Event "33. Senioren LEM Sachsen-Anhalt 65+"]
[Site "Maritim-Hotel Magdeburg"]
[Date "2025.07.09"]
[Round "3.41"]
[White "Reicherter, Hermann"]
[Black "Zechel, Rolf-Ruediger"]
[Result "1/2-1/2"]
[WhiteElo "1735"]
[BlackElo "1855"]
[PlyCount "151"]
[EventDate "2025.07.07"]
[WhiteTeam "SC Grunbach"]
[BlackTeam "SK Kaltenkirchen"]

1. e4 c5 2. f4 d5 3. exd5 Nf6 4. c4 e6 5. Nc3 exd5 6. cxd5 Be7 7. Nf3 O-O 8.
Be2 Nxd5 9. d3 b6 10. O-O Bb7 11. Nxd5 Qxd5 12. Qe1 Bf6 13. Qg3 Nc6 14. Bd2
Bxb2 15. Rae1 Bd4+ 16. Kh1 Rae8 17. Bd1 Rxe1 18. Rxe1 Qxa2 19. h4 Qd5 20. Nxd4
Nxd4 21. Re5 Qd7 22. h5 f6 23. Re1 Re8 24. h6 Rxe1+ 25. Bxe1 g6 26. Bc3 Bd5 27.
Bg4 f5 28. Bxd4 cxd4 29. Bf3 Qc6 30. Bxd5+ Qxd5 31. Qe1 Kf7 32. Qb4 Qd7 33.
Qc4+ Kf8 34. Qb4+ Ke8 35. Qc4 Kd8 36. Qg8+ Kc7 37. Qg7 a5 38. Qe5+ Kc6 39. Qf6+
Kb7 40. Qf8 a4 41. Qb4 b5 42. Qc5 Ka6 43. Qf8 Qb7 44. Qb4 Qc8 45. Qxd4 Qc1+ 46.
Kh2 a3 47. Qf6+ Ka5 48. Qd8+ Ka4 49. Qa8+ Kb3 50. Qd5+ Kc3 51. g3 Qd2+ 52. Kh3
Qxd3 53. Qc5+ Kb2 54. Qe5+ Ka2 55. Qe6+ Kb2 56. Qe5+ Kb3 57. Qe6+ Qc4 58. Qe3+
Ka4 59. Qa7+ Kb4 60. Qe7+ Qc5 61. Qe1+ Kc4 62. Qe6+ Qd5 63. Qe2+ Kb3 64. Qe3+
Ka4 65. Qa7+ Kb3 66. Qe3+ Kc4 67. Qc1+ Kb3 68. Qe3+ Kb2 69. Qe2+ Ka1 70. Qe1+
Kb2 71. Qe2+ Kc3 72. Qe1+ Kc4 73. Qc1+ Kd4 74. Qd2+ Kc5 75. Qc3+ Kb6 76. Qe3+
1/2-1/2

[Event "33. Senioren LEM Sachsen-Anhalt 65+"]
[Site "Maritim-Hotel Magdeburg"]
[Date "2025.07.09"]
[Round "3.42"]
[White "Langner, Hans-Rainer"]
[Black "Dehning-Busse, Karsten"]
[Result "1/2-1/2"]
[WhiteElo "1721"]
[BlackElo "1851"]
[PlyCount "34"]
[EventDate "2025.07.07"]
[WhiteTeam "TSV Mariendorf 1897"]
[BlackTeam "Bremer SG von 1877"]

1. d4 d6 2. Bf4 Nf6 3. e3 g6 4. Nd2 Bg7 5. c3 O-O 6. e4 Nbd7 7. Ngf3 c5 8. dxc5
Nxc5 9. Qc2 Ne6 10. Bg3 Nd7 11. Bc4 Nb6 12. O-O Nxc4 13. Nxc4 b5 14. Ne3 Bb7
15. Rad1 Qb6 16. Nd5 Bxd5 17. exd5 Nc5 1/2-1/2

[Event "33. Senioren LEM Sachsen-Anhalt 65+"]
[Site "Maritim-Hotel Magdeburg"]
[Date "2025.07.09"]
[Round "3.43"]
[White "Kuehne, Juergen"]
[Black "Maechler, Frank"]
[Result "1/2-1/2"]
[WhiteElo "1691"]
[BlackElo "1848"]
[PlyCount "39"]
[EventDate "2025.07.07"]
[WhiteTeam "SV Irxleben 1919"]
[BlackTeam "Naumburger Sportverein 1951"]

1. d4 d5 2. c4 c6 3. Nc3 Nf6 4. cxd5 Nxd5 5. e4 Nxc3 6. bxc3 g6 7. Nf3 Bg7 8.
Qb3 O-O 9. Bc4 e6 10. Ba3 Re8 11. Rd1 Qb6 12. O-O Qxb3 13. axb3 b5 14. Be2 Bb7
15. Ra1 a5 16. b4 Nd7 17. bxa5 Rxa5 18. Bb4 Rxa1 19. Rxa1 Ra8 20. Rxa8+ 1/2-1/2

[Event "33. Senioren LEM Sachsen-Anhalt 65+"]
[Site "Maritim-Hotel Magdeburg"]
[Date "2025.07.09"]
[Round "3.44"]
[White "Hauke, Hans"]
[Black "Ludwig, Richard"]
[Result "1-0"]
[WhiteElo "1836"]
[BlackElo "1631"]
[PlyCount "41"]
[EventDate "2025.07.07"]
[WhiteTeam "Naumburger Sportverein 1951"]
[BlackTeam "SV Irxleben 1919"]

1. e4 Nf6 2. e5 Nd5 3. c4 Nb6 4. d4 d6 5. f4 dxe5 6. fxe5 Bf5 7. Nf3 e6 8. Bd3
Bb4+ 9. Nc3 Bxd3 10. Qxd3 Be7 11. O-O Nc6 12. Be3 Qd7 13. a3 O-O-O 14. b4 a6
15. b5 axb5 16. Nxb5 Kb8 17. Qc3 Na7 18. Nxa7 Kxa7 19. Qa5+ Kb8 20. d5 Nxc4 21.
Qa7+ 1-0

[Event "33. Senioren LEM Sachsen-Anhalt 65+"]
[Site "Maritim-Hotel Magdeburg"]
[Date "2025.07.09"]
[Round "3.45"]
[White "Gismann, Juergen"]
[Black "Webel, Hartmut"]
[Result "1/2-1/2"]
[WhiteElo "1810"]
[BlackElo "1652"]
[PlyCount "46"]
[EventDate "2025.07.07"]
[WhiteTeam "USC Magdeburg"]
[BlackTeam "Krostitzer SV"]

1. e4 d6 2. d4 e6 3. Nf3 Nf6 4. Bd3 Be7 5. O-O O-O 6. Nc3 c5 7. d5 exd5 8. Nxd5
Nxd5 9. exd5 Nd7 10. c4 Bf6 11. Qc2 g6 12. Rb1 Ne5 13. Nxe5 Bxe5 14. g3 Bd7 15.
b3 a6 16. Bh6 Re8 17. Qd2 Bg7 18. Bxg7 Kxg7 19. Rfe1 Rxe1+ 20. Rxe1 b5 21. Qf4
Be8 22. Qc1 b4 23. Qb2+ Kg8 1/2-1/2

[Event "33. Senioren LEM Sachsen-Anhalt 65+"]
[Site "Maritim-Hotel Magdeburg"]
[Date "2025.07.09"]
[Round "3.46"]
[White "Eberhardt, Michael"]
[Black "Geibel, Henning"]
[Result "1-0"]
[WhiteElo "1794"]
[BlackElo "1571"]
[PlyCount "69"]
[EventDate "2025.07.07"]
[WhiteTeam "SC Agon Neumuenster"]
[BlackTeam "Ahrensburger TSV"]

1. e4 e5 2. Bc4 Nc6 3. Nf3 d6 4. O-O Bg4 5. d3 Nf6 6. Nc3 Be7 7. h3 Bh5 8. Be3
O-O 9. a4 Nd4 10. Bxd4 exd4 11. Ne2 c5 12. g4 Bg6 13. Nf4 Kh8 14. e5 dxe5 15.
Nxe5 Bd6 16. Nexg6+ fxg6 17. Ne6 Qb6 18. Nxf8 Rxf8 19. b3 Bc7 20. Qd2 Qd6 21.
f4 g5 22. f5 Qg3+ 23. Qg2 Qe3+ 24. Kh1 Qe5 25. Rae1 Qd6 26. Re6 Qg3 27. Qxg3
Bxg3 28. Kg2 Bb8 29. Rfe1 h5 30. gxh5 b6 31. Re7 Kh7 32. Bf7 Ng8 33. Bg6+ Kh6
34. Re8 Rxe8 35. Rxe8 1-0

[Event "33. Senioren LEM Sachsen-Anhalt 65+"]
[Site "Maritim-Hotel Magdeburg"]
[Date "2025.07.09"]
[Round "3.47"]
[White "Stratmann, Alois"]
[Black "Rudolph, Karl-Heinz"]
[Result "0-1"]
[WhiteElo "1681"]
[BlackElo "1779"]
[PlyCount "74"]
[EventDate "2025.07.07"]
[WhiteTeam "Schachverein Ahlen 1954"]
[BlackTeam "SV Irxleben 1919"]

1. Nf3 Nf6 2. b3 g6 3. Bb2 Bg7 4. e3 O-O 5. Be2 c5 6. O-O Nc6 7. d4 cxd4 8.
Nxd4 a6 9. c4 Qc7 10. Nxc6 dxc6 11. Bf3 Bf5 12. Qc1 Rad8 13. g3 Bh3 14. Re1 e5
15. Nd2 Rfe8 16. Ne4 Nxe4 17. Bxe4 f5 18. Bh1 e4 19. Bxg7 Qxg7 20. Rd1 Qf6 21.
Rb1 Bg4 22. Rxd8 Rxd8 23. Qc2 Rd3 24. Bg2 Qd6 25. Bf1 Rd2 26. Qc3 Bf3 27. Ra1
Rd1 28. c5 Qd3 29. Qc4+ Qxc4 30. Rxd1 Qxc5 31. Bc4+ Kf8 32. Re1 Qe5 33. Kf1 Qb2
34. a4 b5 35. axb5 axb5 36. Be6 Qd2 37. Bc8 Bg2+ 0-1

[Event "33. Senioren LEM Sachsen-Anhalt 65+"]
[Site "Maritim-Hotel Magdeburg"]
[Date "2025.07.09"]
[Round "3.48"]
[White "Klimpel, Siegfried"]
[Black "Konig, Jon"]
[Result "1/2-1/2"]
[WhiteElo "1764"]
[BlackElo "1505"]
[PlyCount "54"]
[EventDate "2025.07.07"]
[WhiteTeam "TSV Kareth-Lappersdorf"]

1. e4 d5 2. Nf3 dxe4 3. Ng5 Nf6 4. d3 Bf5 5. Nc3 c6 6. Qe2 exd3 7. cxd3 e6 8.
Nge4 Be7 9. Bf4 O-O 10. Nxf6+ Bxf6 11. Ne4 Bxe4 12. dxe4 Na6 13. a3 e5 14. Be3
Qc7 15. h4 Rad8 16. h5 Qe7 17. Bxa7 Nc5 18. Qc2 Ne6 19. Bb6 Nd4 20. Qc4 Rd7 21.
Bc5 Qe6 22. Qxe6 fxe6 23. Bxf8 Nc2+ 24. Ke2 Nxa1 25. Bc5 Nb3 26. Be3 Nd4+ 27.
Ke1 Nc2+ 1/2-1/2

[Event "33. Senioren LEM Sachsen-Anhalt 65+"]
[Site "Maritim-Hotel Magdeburg"]
[Date "2025.07.09"]
[Round "3.49"]
[White "Brekenkamp, Juergen"]
[Black "Briesemeister, Klaus"]
[Result "1-0"]
[WhiteElo "1852"]
[BlackElo "1640"]
[PlyCount "105"]
[EventDate "2025.07.07"]
[WhiteTeam "SV Eintracht Tangerhuette"]
[BlackTeam "SV Lingen"]

1. d4 d6 2. c4 Nf6 3. Nc3 g6 4. e4 Bg7 5. f3 O-O 6. Be3 Nbd7 7. Bd3 c5 8. Nge2
cxd4 9. Nxd4 Ne5 10. Qd2 Nxd3+ 11. Qxd3 Nd7 12. Qd2 Ne5 13. b3 Nc6 14. O-O Nxd4
15. Bxd4 Bxd4+ 16. Qxd4 Qb6 17. Qxb6 axb6 18. Nd5 e6 19. Nxb6 Ra6 20. Na4 Bd7
21. Nc3 Rd8 22. Rfd1 f6 23. Rd2 Kf7 24. Rad1 Ke7 25. Kf2 Rc8 26. f4 Rc5 27. a4
h5 28. h4 Be8 29. Ke3 Bd7 30. Rd3 Be8 31. Kd2 Bd7 32. Rg3 Kf7 33. Kc2 Be8 34.
Kb2 Rb6 35. Kc2 Ra5 36. Ne2 Bc6 37. Nc3 Be8 38. Rgd3 Ke7 39. Ne2 Bc6 40. Ng3
Be8 41. Kc3 Bd7 42. Nf1 Be8 43. Ne3 Bd7 44. R1d2 Be8 45. Nd1 Bd7 46. Nb2 Rc5
47. b4 Rc7 48. b5 d5 49. exd5 exd5 50. Rxd5 Be6 51. R5d4 Rd7 52. c5 Rc7 53. Kb4
1-0

[Event "33. Senioren LEM Sachsen-Anhalt 65+"]
[Site "Maritim-Hotel Magdeburg"]
[Date "2025.07.09"]
[Round "3.50"]
[White "Schiefer, Joerg"]
[Black "Neubauer, Uwe"]
[Result "0-1"]
[WhiteElo "1637"]
[BlackElo "1782"]
[PlyCount "24"]
[EventDate "2025.07.07"]
[WhiteTeam "USC Magdeburg"]
[BlackTeam "SK Anderten"]

1. c4 e5 2. e4 Nf6 3. Nc3 c6 4. g3 d5 5. cxd5 cxd5 6. exd5 Nxd5 7. Bg2 Nxc3 8.
bxc3 Qc7 9. Ne2 Nc6 10. O-O Bc5 11. Bxc6+ Qxc6 12. Nd4 Bxd4 0-1

[Event "33. Senioren LEM Sachsen-Anhalt 65+"]
[Site "Maritim-Hotel Magdeburg"]
[Date "2025.07.09"]
[Round "3.51"]
[White "Freitag, Ingo"]
[Black "Schwenke, Norbert"]
[Result "1/2-1/2"]
[WhiteElo "1625"]
[BlackElo "1747"]
[PlyCount "25"]
[EventDate "2025.07.07"]
[WhiteTeam "VfL Kalbe/Milde"]
[BlackTeam "SG Gruen-Weiss Dahlenwarsleben"]

1. e4 d5 2. exd5 Nf6 3. Nc3 a6 4. Nf3 b5 5. b4 Bb7 6. a3 Nxd5 7. Nxd5 Bxd5 8.
g3 Nd7 9. Bg2 Nf6 10. Bb2 Rc8 11. Rc1 e6 12. O-O c5 13. c3 1/2-1/2

[Event "33. Senioren LEM Sachsen-Anhalt 65+"]
[Site "Maritim-Hotel Magdeburg"]
[Date "2025.07.09"]
[Round "3.52"]
[White "Bernhardt, Eduard"]
[Black "Scholder, Helmut"]
[Result "1-0"]
[WhiteElo "1741"]
[BlackElo "1614"]
[PlyCount "102"]
[EventDate "2025.07.07"]
[WhiteTeam "VfB Ottersleben"]
[BlackTeam "Schachklub Minden 08"]

1. d4 d5 2. e4 e6 3. Be3 dxe4 4. f3 Nf6 5. fxe4 Nxe4 6. Bd3 Qh4+ 7. g3 Nxg3 8.
Bf2 Bd6 9. Ne2 Qh5 10. Nxg3 Qxd1+ 11. Kxd1 O-O 12. Nd2 Nc6 13. c3 e5 14. Nge4
Bg4+ 15. Kc2 Be7 16. Rhg1 h5 17. Rae1 Rad8 18. Nb3 b6 19. Be2 Bxe2 20. Rxe2 f6
21. Ng3 Kf7 22. Nxh5 Rh8 23. Nxg7 Rxh2 24. Nf5 Rh7 25. dxe5 fxe5 26. Nxe7 Kxe7
27. Be3 Kd7 28. Rd2+ Kc8 29. Rxd8+ Kxd8 30. Nd2 Kc8 31. Kd3 Kb7 32. b4 b5 33.
Nf3 Re7 34. Ke4 a6 35. Rg5 Re8 36. Nxe5 Nd8 37. Rf5 Ne6 38. Kd5 Nd8 39. Bd4 c6+
40. Kd6 Kc8 41. Rf6 Kb7 42. Rg6 Kc8 43. Nxc6 Nb7+ 44. Kd5 Rf8 45. Na7+ Kb8 46.
Rxa6 Rd8+ 47. Kc6 Rd6+ 48. Kxb5 Rxa6 49. Kxa6 Ka8 50. b5 Kb8 51. b6 Ka8 1-0

[Event "33. Senioren LEM Sachsen-Anhalt 65+"]
[Site "Maritim-Hotel Magdeburg"]
[Date "2025.07.09"]
[Round "3.53"]
[White "Hurek, Werner"]
[Black "Gieseke, Karl-Heinz"]
[Result "1-0"]
[WhiteElo "1738"]
[BlackElo "1594"]
[PlyCount "91"]
[EventDate "2025.07.07"]
[WhiteTeam "SC 1924 Lampertheim"]
[BlackTeam "SG Schoeningen JFZ-I"]

1. e4 d6 2. d4 e5 3. dxe5 dxe5 4. Qxd8+ Kxd8 5. Bc4 Be6 6. Bxe6 fxe6 7. Bg5+
Be7 8. Be3 b6 9. Nd2 Nc6 10. O-O-O Kc8 11. Ne2 Kb7 12. Nc3 Rd8 13. a3 h6 14.
Nf3 Nf6 15. Rd2 Rxd2 16. Nxd2 Ng4 17. Nd1 Nxe3 18. Nxe3 Nd4 19. Re1 Bg5 20. c3
Nb5 21. Ndc4 Bf6 22. Rd1 Rd8 23. Rxd8 Bxd8 24. Nxe5 Nd6 25. f3 Bg5 26. Kd2 c5
27. Kd3 b5 28. b3 Bf4 29. Ng6 Bxh2 30. Nf8 c4+ 31. bxc4 bxc4+ 32. Nxc4 Nxc4 33.
Kxc4 Bd6 34. Nxe6 Bxa3 35. Nxg7 Kc6 36. Nf5 Bf8 37. e5 a5 38. f4 h5 39. Nd4+
Kb6 40. f5 a4 41. Ne6 Be7 42. f6 a3 43. Kb3 Bc5 44. Nxc5 Kxc5 45. f7 Kd5 46.
f8=Q 1-0

[Event "33. Senioren LEM Sachsen-Anhalt 65+"]
[Site "Maritim-Hotel Magdeburg"]
[Date "2025.07.09"]
[Round "3.54"]
[White "Zimmer, Franz"]
[Black "Hensch, Frank"]
[Result "1/2-1/2"]
[WhiteElo "1727"]
[BlackElo "1592"]
[PlyCount "36"]
[EventDate "2025.07.07"]
[WhiteTeam "SG Trier 1877"]
[BlackTeam "Postsportverein Magdeburg v 1926"]

1. d4 b6 2. c4 d6 3. Nc3 e6 4. e4 a6 5. Nf3 Be7 6. Bd3 Bb7 7. O-O h6 8. d5 e5
9. Be3 Nf6 10. h3 Nbd7 11. b4 O-O 12. Nh2 Bc8 13. f4 exf4 14. Bxf4 Ne5 15. Bxe5
dxe5 16. a3 a5 17. Rb1 Bd7 18. Nf3 Bd6 1/2-1/2

[Event "33. Senioren LEM Sachsen-Anhalt 65+"]
[Site "Maritim-Hotel Magdeburg"]
[Date "2025.07.09"]
[Round "3.55"]
[White "Watermann, Bernd"]
[Black "Gaul, Karl-Heinz"]
[Result "1-0"]
[WhiteElo "1726"]
[BlackElo "1588"]
[PlyCount "69"]
[EventDate "2025.07.07"]
[WhiteTeam "Sf Barsinghausen"]
[BlackTeam "SC Schwarz-Weiss Lichtenrade"]

1. d4 d5 2. e3 Nf6 3. f4 Bf5 4. Nf3 Nbd7 5. Bd3 Ne4 6. O-O Ndf6 7. Bd2 e6 8.
Be1 Ng4 9. Qe2 Qf6 10. Ne5 Nxe5 11. fxe5 Qg6 12. Bxe4 Bxe4 13. Nd2 Bxc2 14.
Qb5+ Kd8 15. Qxb7 Rc8 16. Rc1 Qd3 17. Qc6 Qxe3+ 18. Kh1 Bg6 19. Bh4+ Be7 20.
Bxe7+ Kxe7 21. Qc5+ Kd7 22. Nb3 Rhd8 23. Qxa7 Ke8 24. Rxc7 Rxc7 25. Qxc7 Qg5
26. Nc5 Bf5 27. Nb7 Rd7 28. Nd6+ Ke7 29. Qb8 Rd8 30. Qb4 Rxd6 31. exd6+ Kd7 32.
Qc5 Qd8 33. Rc1 e5 34. Qxd5 Be6 35. Qc6# 1-0